000 00429nam a2200109Ia 4500
008 160909s9999 xx 000 0 und d
100 _aKhan, Duane G.
245 4 _aThe Association of Internalized Stigmas, Culture-Specific Coping, and Depression in Gay and Bisexual Black Men
260 _bState University of New York at Albany
_c2016
650 _aPSYCHOLOGY
856 _uhttp://pqdtopen.proquest.com/doc/1797418791.html?FMT=ABS
999 _c304101
_d304101